书目信息 |
| 题名: |
体育与健康
|
|
| 作者: | 许砚田 主编 | |
| 分册: | ||
| 出版信息: | 天津 天津大学出版社 2002 |
|
| 页数: | 331页 | |
| 开本: | 26cm | |
| 丛书名: | ||
| 单 册: | ||
| 中图分类: | G806 | |
| 科图分类: | ||
| 主题词: | 健康教育--高等学校--教材 , 体育锻炼--高等学校--教材 | |
| 电子资源: | ||
| ISBN: | 7-5618-1612-X | |
| 000 | 00828nam0 2200241 45 | |
| 001 | 070000092612 | |
| 005 | 20050913154919.34 | |
| 010 | @a7-5618-1612-X@dCNY26.00 | |
| 100 | @a20041231e20032002ekmy0chiy0120 ea | |
| 101 | 0 | @achi |
| 102 | @aCN@b120000 | |
| 105 | @aa z 000yy | |
| 200 | 1 | @a体育与健康@Ati yu yu jian kang@f许砚田主编@Fxu yan tian zhu bian |
| 210 | @a天津@c天津大学出版社@d2002 | |
| 215 | @a331页@c图@d26cm | |
| 330 | @a本教材以“课内外一体化”教学模式为基础,采用“分层次教学法”,以锻炼为主线贯穿于各运动项目教学之中,同时补充介绍了课外锻炼的内容和方法,以及各种运动对人身心健康的价值。 | |
| 606 | 0 | @a健康教育@x高等学校@x教材 |
| 606 | 0 | @a体育锻炼@x高等学校@x教材 |
| 690 | @aG806@v4 | |
| 701 | 0 | @a许砚田@Axu yan tian@4主编 |
| 801 | 0 | @aCN@bTSSF@c20050913 |
| 905 | @a10447@dG806@e150 | |
| 999 | @aAFJ | |
| 体育与健康/许砚田主编.-天津:天津大学出版社,2002 |
| 331页:图;26cm |
| ISBN 7-5618-1612-X:CNY26.00 |
| 本教材以“课内外一体化”教学模式为基础,采用“分层次教学法”,以锻炼为主线贯穿于各运动项目教学之中,同时补充介绍了课外锻炼的内容和方法,以及各种运动对人身心健康的价值。 |
| ● |
| 相关链接 |
|
|
|
|
正题名:体育与健康
索取号:G806/150
 
预约/预借
| 序号 | 登录号 | 条形码 | 馆藏地/架位号 | 状态 | 备注 |
| 1 | 0360777 | 3607779 | 第一样本阅览室/ [索取号:G806/150] | 在馆 | |
| 2 | 0360778 | 3607788 | 第四借阅区/ [索取号:G806/150] | 在馆 | |
| 3 | 0360779 | 3607797 | 第四借阅区/ [索取号:G806/150] | 在馆 | |
| 4 | 0360780 | 3607804 | 第四借阅区/ [索取号:G806/150] | 在馆 | |
| 5 | 0360781 | 3607813 | 第四借阅区/ [索取号:G806/150] | 在馆 |